000 00652pam a2200253 a 4500
020 _a0801665698
040 _cDLC
082 0 0 _a618 MOS 1993 C143 Or.1
100 2 _aWorthington-Roberts, Bonnie S.,
245 1 0 _aNutrition in pregnancy and lactation /
250 _a5th ed.
260 _aSt. Louis :
_bMosby,
_cc1993.
300 _axiv, 537 p. :
_bill., map ;
_c24 cm.
650 0 _aPregnancy
650 0 _aMothers
650 0 _aLactation
650 0 _aHealth education.
650 2 _aHealth Education.
650 2 _aLactation.
650 2 _aNutrition
650 2 _aPrenatal Care.
700 1 _aWilliams, Sue Rodwell.
942 _cAEDBB
999 _c18396
_d18396